Online
Catalog

El espejo de la producción : (Record no. 4035)

MARC details
000 -CABECERA
campo de control de longitud fija 00956nam a2200265 a 4500
001 - NÚMERO DE CONTROL
campo de control 000004221
005 - FECHA Y HORA DE LA ÚLTIMA TRANSACCIÓN
campo de control 20240501133509.0
008 - DATOS DE LONGITUD FIJA--INFORMACIÓN GENERAL
campo de control de longitud fija 780213s2000 sp b 000 0 spa
020 ## - NÚMERO INTERNACIONAL ESTÁNDAR DEL LIBRO
Número Internacional Estándar del Libro 8474320976
040 ## - FUENTE DE LA CATALOGACIÓN
Centro catalogador/agencia de origen DO-SdBNP
Lengua de catalogación spa
Centro/agencia transcriptor BNPHU
082 ## - NÚMERO DE LA CLASIFICACIÓN DECIMAL DEWEY
Número de clasificación 330.15
Número de documento/Ítem B342e
100 1# - ENTRADA PRINCIPAL--NOMBRE DE PERSONA
Nombre de persona Baudrillard, Jean,
Fechas asociadas al nombre 1929-2007.
9 (RLIN) 12463
240 13 - TÍTULO UNIFORME
Título uniforme Le Miroir de la production.
Lenguaje de la obra Español
245 13 - MENCIÓN DE TÍTULO
Título El espejo de la producción :
Resto del título o la ilusión de la crítica del materialismo histórico /
Mención de responsabilidad, etc. Jean Baudrillard ; traducción, Irene Agoff ; ilustración de cubierta, Alma Larroca.
246 13 - FORMA VARIANTE DE TÍTULO
Título propio/Titulo breve El espejo de la producción
260 ## - PUBLICACIÓN, DISTRIBUCIÓN, ETC.
Lugar de publicación, distribución, etc. Barcelona :
Nombre del editor, distribuidor, etc. Gedisa,
Fecha de publicación, distribución, etc. 2000.
300 ## - DESCRIPCIÓN FÍSICA
Extensión 178 p. ;
Dimensiones 20 cm.
490 1# - MENCIÓN DE SERIE
Mención de serie Filosofía
490 1# - MENCIÓN DE SERIE
Mención de serie Cla-De-Ma.
650 #0 - PUNTO DE ACCESO ADICIONAL DE MATERIA--TÉRMINO DE MATERIA
Término de materia o nombre geográfico como elemento de entrada Economía marxista
9 (RLIN) 9435
650 #4 - PUNTO DE ACCESO ADICIONAL DE MATERIA--TÉRMINO DE MATERIA
Término de materia o nombre geográfico como elemento de entrada Producción (teoría económica)
9 (RLIN) 12464
700 1# - PUNTO DE ACCESO ADICIONAL--NOMBRE DE PERSONA
Nombre de persona Agoff, Irene,
Término indicativo de función/relación tr.
9 (RLIN) 12465
700 1# - PUNTO DE ACCESO ADICIONAL--NOMBRE DE PERSONA
Nombre de persona Larroca, Alma
Término indicativo de función/relación il.
9 (RLIN) 12466
830 #0 - PUNTO DE ACCESO ADICIONAL DE SERIE-TÍTULO UNIFORME
Título uniforme Filosófia;
Nombre de parte o sección de la obra Cla-De-Ma.
9 (RLIN) 12467
Holdings
Estado de retiro Estado de pérdida Restricciones de uso No para préstamo Código de colección Localización permanente Ubicación/localización actual Ubicación en estantería Fecha de adquisición Número de inventario Total de préstamos Signatura topográfica completa Código de barras Fecha visto por última vez Precio válido a partir de Tipo de ítem Koha
      Excluido de préstamo Monografías: Libros y Folletos General General Depósito 20.07.2009 LF1   330.15 B342e 4221-10 25.06.2020 25.06.2020 No se presta
        Monografías: Libros y Folletos Patrimonio Dominicano Patrimonio Dominicano Orden iniciada 29.03.2017 LF1   330.15 B342e 4221-20 25.06.2020 25.06.2020 No se presta

Powered by Koha